Extracción de Compuestos Fenólicos a partir de cascaras de frutos cítricos de Nicaragua para la formulación de Resina Fenólica
En el presente trabajo se realizó la extracción de fenoles de la cascara de algunos de los cítricos de mayor producción en el país, tales como: naranja dulce, agria, limón mandarina, limón real, limón sin semilla limón criollo, mandarina y toronja. Dicha extracción se realizó utilizando t...
| Main Authors: | , |
|---|---|
| Other Authors: | |
| Format: | Tesis Section = Libro |
| Language: | Undetermined Spanish |
| Published: |
Managua, Nicaragua
UNI
2017
|
| Subjects: |
| LEADER | 01399nam a2200277Ia 4500 | ||
|---|---|---|---|
| 008 | 240830s9999 xx 000 0 und d | ||
| 040 | |a BIBLIOTECA-RUSB/ Mon 661.82 S217 | ||
| 041 | |a spa | ||
| 082 | |a Mon 661.82 S217 | ||
| 100 | 1 | |a Sandoval Leyva, Mariela Dominga | |
| 100 | 1 | |b Romero Guido, Blanca Azucena | |
| 245 | 1 | 0 | |a Extracción de Compuestos Fenólicos a partir de cascaras de frutos cítricos de Nicaragua para la formulación de Resina Fenólica |
| 260 | |a Managua, Nicaragua |b UNI |c 2017 | ||
| 300 | |a Xi, 54 p. :il. | ||
| 500 | |a Contiene CD. | ||
| 502 | |a Tesis (Ingeniero Químico) - UNI, 2017. | ||
| 520 | 3 | |a En el presente trabajo se realizó la extracción de fenoles de la cascara de algunos de los cítricos de mayor producción en el país, tales como: naranja dulce, agria, limón mandarina, limón real, limón sin semilla limón criollo, mandarina y toronja. Dicha extracción se realizó utilizando tres disolventes distintos (acetona, metanol y hexano) a fin de mostrar el rendimiento que se logra con cada uno de ellos en la extracción. | |
| 650 | 7 | |a FENOLES-COMPUESTOS AROMATICOS | |
| 650 | 7 | |b COMPUESTOS ORGANICOS | |
| 650 | 7 | |c APROVECHAMIENTO DE RESIDUOS ORGANICOS | |
| 650 | 7 | |d RESINA FENOLICA | |
| 650 | 7 | |e COMPOSICION QUIMICA DE LOS CITRICOS | |
| 700 | 1 | |a Tutor: |b Escorcia Morales, Denis | |
| 942 | |c BK |2 ddc | ||
| 991 | |a TESIS | ||
| 999 | |c 20669 | ||